Tribalism and the tragedy of the commons: land, identity and development the Manipur experience (Record no. 438226)

000 -LEADER
fixed length control field 00601cam a22001697a 4500
008 - FIXED-LENGTH DATA ELEMENTS--GENERAL INFORMATION
fixed length control field 180718b2009 xxu||||| |||| 00| 0 eng d
020 ## - INTERNATIONAL STANDARD BOOK NUMBER
International Standard Book Number 9788183701815
082 ## - DEWEY DECIMAL CLASSIFICATION NUMBER
Classification number Y15x54121 Si64t
090 ## - LOCALLY ASSIGNED LC-TYPE CALL NUMBER (OCLC); LOCAL CALL NUMBER (RLIN)
Classification number (OCLC) (R) ; Classification number, CALL (RLIN) (NR) 2009340024
100 ## - MAIN ENTRY--PERSONAL NAME
Personal name Singh, Ch. Priyoranjan
245 ## - TITLE STATEMENT
Title Tribalism and the tragedy of the commons: land, identity and development the Manipur experience
Statement of responsibility, etc. editted by Priyoranjan Singh
260 ## - PUBLICATION, DISTRIBUTION, ETC.
Place of publication, distribution, etc. New Delhi
Name of publisher, distributor, etc. Aakansha
Date of publication, distribution, etc. 2009
300 ## - PHYSICAL DESCRIPTION
Extent 382p.
650 ## - SUBJECT ADDED ENTRY--TOPICAL TERM
Topical term or geographic name entry element Manipur (India) --Politics and government
650 ## - SUBJECT ADDED ENTRY--TOPICAL TERM
Topical term or geographic name entry element Manipur (India) --Economic conditions
650 ## - SUBJECT ADDED ENTRY--TOPICAL TERM
Topical term or geographic name entry element Land tenure --India --Manipur
Holdings
Withdrawn status Lost status Damaged status Not for loan Permanent Location Current Location Date acquired Full call number Barcode Date last seen Price effective from Koha item type
        Indian Institute of Public Administration Indian Institute of Public Administration 2010-05-10 Y15x54121 Si64t 83780 2018-07-21 2018-07-21 Book

Powered by Koha